Devinez la Capitale Mystère #139 - Statistiques

Statistiques générales
  • Ce quiz a été pris 91 fois
  • Le résultat moyen est 31 sur 34
Statistiques - réponses
Type de Réponse Réponse % Correct
Lettre Bien Placée A
100%
Lettre Trouvée A
100%
Lettre de l'Alphabet I
100%
Lettre Trouvée N
100%
Lettre Trouvée O
100%
Lettre de l'Alphabet R
100%
Lettre de l'Alphabet S
100%
Lettre de l'Alphabet E
99%
Lettre Trouvée B
97%
Lettre de l'Alphabet P
97%
Lettre de l'Alphabet M
96%
Lettre de l'Alphabet D
95%
Lettre de l'Alphabet L
93%
Lettre de l'Alphabet T
93%
Lettre de l'Alphabet U
93%
Lettre de l'Alphabet V
93%
Lettre Bien Placée B
92%
Lettre de l'Alphabet C
90%
Lettre Trouvée G
90%
Lettre Trouvée K
89%
Lettre Bien Placée N
86%
Lettre de l'Alphabet W
86%
Lettre de l'Alphabet H
85%
Lettre de l'Alphabet J
85%
Lettre de l'Alphabet Y
85%
Lettre Bien Placée O
84%
Lettre de l'Alphabet X
84%
Lettre Bien Placée G
82%
Lettre Bien Placée K
82%
Lettre de l'Alphabet F
79%
Lettre de l'Alphabet Q
79%
Lettre de l'Alphabet Z
79%
Capitale Mystère Bangkok
78%
Lettre Bien Placée K
78%
Aucun quiz correspondant
Distribution des résultats
% des personnes avec chaque résultat
Percentile par nombre de réponses
Votre historique - résultats
Vous n’avez pas pris ce quiz